01166nam a2200241Ia 4500952010800000952010800108999001700216008004100233020001500274050002100289245009500310250001800405260004100423300001800464500005200482505019400534519006300728650002500791650003100816700003200847700003800879942000700917 00104070a11b11d2007-01-08l1oLB2361 A5 2002p11 003991r2014-02-18s2014-02-18t1w2012-06-26yLB 00104070a11b11d2007-01-08l2oLB2361 A5 2002p11 003992r2015-07-04s2015-07-04t2w2012-06-26yLB c70601d70601120626s2000 sp 000 0 spa d a8487767265 aLB2361 bA5 2002 aTeoría y desarrollo del curriculum c/ coordinadores José, Felix Angulo; Nieves Blanco a2a. edición aMálagab: Ediciones Aljibec, 2000 a395 páginas aIncluye: Indice, Introducción, Bibliografía aEl currículum Enfoques sobre el currículum El desarrollo del currículum La estructura del currículum Evaluación del currículum Innovación y cambio del currículum  aMaterial Complementario / bPedagogía / d(11 003992)  0aDISEÑO CURRICULAR  0aPLANIFICACIÓN CURRICULAR aBlanco, Nievesecoordinador aAngulo, José Felixecoordinador cLB